Los tres reyes magos / (Registro nro. 7746)
[ vista simple ]
| 000 -LEADER | |
|---|---|
| fixed length control field | 00997nam a2200301 a 4500 |
| 001 - CONTROL NUMBER | |
| control field | 000025510 |
| 003 - CONTROL NUMBER IDENTIFIER | |
| control field | DO-SdBNP |
| 005 - DATE AND TIME OF LATEST TRANSACTION | |
| control field | 20151026131119.0 |
| 007 - PHYSICAL DESCRIPTION FIXED FIELD--GENERAL INFORMATION | |
| fixed length control field | 000025510 |
| 008 - FIXED-LENGTH DATA ELEMENTS--GENERAL INFORMATION | |
| fixed length control field | 110217s2000 dr a 000 j spa d |
| 020 ## - INTERNATIONAL STANDARD BOOK NUMBER | |
| International Standard Book Number | 9993401420 |
| 040 ## - CATALOGING SOURCE | |
| Original cataloging agency | BPMSU |
| Language of cataloging | spa |
| Transcribing agency | BPMSU |
| 092 ## - LOCALLY ASSIGNED DEWEY CALL NUMBER (OCLC) | |
| Classification number | RD863.44 |
| Item number | S787t |
| 100 1# - MAIN ENTRY--PERSONAL NAME | |
| Personal name | Stanley, Avelino, |
| Dates associated with a name | 1959- |
| 245 14 - TITLE STATEMENT | |
| Title | Los tres reyes magos / |
| Statement of responsibility, etc. | Avelino Stanley. |
| 260 ## - PUBLICATION, DISTRIBUTION, ETC. (IMPRINT) | |
| Place of publication, distribution, etc. | Santo Domingo : |
| Name of publisher, distributor, etc. | Cocolo, |
| Date of publication, distribution, etc. | 2000. |
| 300 ## - PHYSICAL DESCRIPTION | |
| Extent | 71 p. : |
| Other physical details | il. ; |
| Dimensions | 27 cm. |
| 500 ## - GENERAL NOTE | |
| General note | Incluye datos biográficos del autor en la solapa de la cubierta |
| 650 #4 - SUBJECT ADDED ENTRY--TOPICAL TERM | |
| Topical term or geographic name as entry element | CUENTOS INFANTILES DOMINICANOS |
| 650 #4 - SUBJECT ADDED ENTRY--TOPICAL TERM | |
| Topical term or geographic name as entry element | LITERATURA INFANTIL DOMINICANA |
| 910 ## - USER-OPTION DATA (OCLC) | |
| User-option data | Validado. Control de calidad BNPHU |
| 930 #1 - EQUIVALENCE OR CROSS-REFERENCE-UNIFORM TITLE HEADING [LOCAL, CANADA] | |
| Language of a work | BND01 |
| Medium of performance for music | LF1 |
| Medium | RD863.44 |
| Field link and sequence number | 20110217 |
| Date of a work | 01 |
| Name of part/section of a work | HD |
| Miscellaneous information | 16487 |
| 942 ## - ADDED ENTRY ELEMENTS (KOHA) | |
| Source of classification or shelving scheme | Dewey Decimal Classification |
| Koha item type | Libros |
| 956 ## - LOCAL ELECTRONIC LOCATION AND ACCESS (OCLC) | |
| Host name | IGARCIA |
| Access number | 10 |
| Compression information | 20110217 |
| Logon | BND01 |
| Processor of request | 1211 |
| 956 ## - LOCAL ELECTRONIC LOCATION AND ACCESS (OCLC) | |
| Host name | NMORDAN |
| Access number | 10 |
| Compression information | 20110217 |
| Logon | BND01 |
| Processor of request | 1446 |
| 956 ## - LOCAL ELECTRONIC LOCATION AND ACCESS (OCLC) | |
| Host name | MMOLINA |
| Access number | 40 |
| Compression information | 20110826 |
| Logon | BND01 |
| Processor of request | 1352 |
| 956 ## - LOCAL ELECTRONIC LOCATION AND ACCESS (OCLC) | |
| Host name | VMATEO |
| Access number | 10 |
| Compression information | 20150428 |
| Logon | BMET02 |
| Processor of request | 00151 |
| Withdrawn status | Lost status | Source of classification or shelving scheme | Damaged status | Not for loan | Collection code | Home library | Current library | Date acquired | Total Checkouts | Full call number | Barcode | Date last seen | Price effective from | Koha item type |
|---|---|---|---|---|---|---|---|---|---|---|---|---|---|---|
| Dewey Decimal Classification | Biblioteca Pública Metropolitana Salomé Ureña | Biblioteca Pública Metropolitana Salomé Ureña | 04/28/2015 | RD863.44 S787t | BPMSU15041444 | 04/28/2015 | 04/28/2015 | Libros |